Statistiken für Thüringische Kleinstaaten Karten-Quiz

Klicken Sie hier um das Quiz zu spielen!

Allgemein

  • Dieses Quiz wurde 150 mal gespielt
  • Das Durchschnittsergebnis liegt bei 4 aus 8

Antworten auf der Karte

Die Antworten werden auf der Karte rot bzw. grün angezeigt, abhängig davon wie oft sie richtig erraten wurden.
 

Antwortstatistiken

Antwort% Korrekt
Großherzogtum Sachsen-Weimar-Eisenach
55%
Herzogtum Sachsen-Meiningen
55%
Herzogtum Sachsen-Coburg-Gotha
52%
Fürstentum Schwarzburg-Rudolstadt
48%
Herzogtum Sachsen-Altenburg
48%
Fürstentum Reuß jüngere Linie
42%
Fürstentum Schwarzburg-Sondershausen
40%
Fürstentum Reuß ältere Linie
37%

Verteilung der Resultate

Perzentil nach korrekt beantworteten Fragen

Anzahl Personen mit jedem Resultat

Ihre Resultats-Entwicklung

Sie haben dieses Quiz noch nicht gespielt